[Event "12th Chennai Open 2020"]
[Site "Chennai"]
[Date "2020.01.19"]
[Round "2.1"]
[White "Rathneesh R"]
[Black "Ponkratov, Pavel"]
[Result "0-1"]
[WhiteElo "2064"]
[BlackElo "2622"]
[Annotator "TA"]
[PlyCount "54"]
[EventDate "2020.01.19"]
[EventType "swiss"]
[EventCountry "IND"]
[SourceTitle "playchess.com"]
[Source "ChessBase"]
[SourceQuality "1"]

{[%evp 15,54,0,18,7,16,0,0,0,-8,-5,97,101,101,101,102,70,117,0,0,31,58,0,0,0,0,-160,105,-140,-123,-29985,-29986,-29986,-29987,-29987,-29988,-29988,-29989,-29989,-29990,-29990,-2150]} 1. c4 e5 2. g3 Nf6 3. Bg2 d5 4. cxd5 Nxd5 5. Nc3 Nb6 6. Nf3 Nc6 7. O-O Be7 8. Rb1 g5 9. d3 {A29: English Opening: Four Knights Variation with 4 g3} g4 (9... Be6 10. b4 g4 11. Ne1 Nd5 12. Bd2 h5 13. b5 Ncb4 14. a3 Nxc3 15. Bxc3 Nd5 16. Bxe5 Bf6 17. Bxf6 Qxf6 18. Bxd5 Bxd5 {0-1 (70) Romanov,E (2626)-Heberla,B (2551) Tegernsee 2017}) 10. Nd2 h5 11. b4 $146 {The position is equal.} ({Predecessor:} 11. Nc4 h4 12. Bxc6+ bxc6 13. Nxe5 hxg3 14. hxg3 c5 15. e4 Qd6 16. Bf4 Qe6 17. f3 gxf3 18. Qxf3 Bf6 19. Nd5 Bxe5 20. Bxe5 Qxe5 21. Qxf7+ Kd8 22. Rf4 Nxd5 23. exd5 Qe3+ {0-1 (23) Xu,Y (2452)-Wan,Y (2521) Shenyang 2019}) 11... Nxb4 12. Nc4 h4 (12... f6 $11 {keeps the balance.}) 13. Nxe5 $16 hxg3 (13... Qd4 $6 14. Bb2 $11) 14. hxg3 Qd4 {[%mdl 64] Double Attack} 15. Nc4 Qc5 16. Ne4 (16. Nxb6 $16 axb6 17. a3) 16... Qh5 $14 {[%csl Gh8][%cal Rh5h2]} 17. Re1 Be6 18. Ba3 (18. Ned6+ $14 cxd6 19. Rxb4) 18... f5 $36 {[%mdl 2048] Black is more active.} (18... Nxc4 $6 19. Bxb4 Nb6 20. Bxe7 $16) 19. Bxb4 {Hoping for Nxb6.} fxe4 20. Nxb6 $2 {[#]} ({Better is} 20. Bxe7 $1 $11 Kxe7 21. Qc1) 20... Qh2+ $1 $17 (20... axb6 21. Bxe7 Kxe7 22. Qc2 $16) (20... cxb6 21. dxe4 Bf6 22. Ba3 $16) 21. Kf1 {[#]} O-O $1 ({And not} 21... axb6 22. Qc1 $14) 22. Qc1 $2 {[%mdl 8192] [#]} ({Don't play} 22. Bxe7 $6 e3 $11) ({But not} 22. Nxa8 $2 Qxg3 23. Bf3 Qh2 $19) (22. dxe4 $17 Qxg3 23. Qd4) 22... Rxf2+ $3 {[%mdl 576] Clearance. Black mates.} 23. Kxf2 Rf8+ $1 24. Qf4 Rxf4+ 25. gxf4 Qxf4+ 26. Kg1 Qe3+ 27. Kh1 g3 {Accuracy: White = 55%, Black = 63%.} (27... Qh6+ $142 28. Kg1 Bxb4 29. Rxb4 g3 30. Rb5 axb6 31. dxe4 Qh2+ 32. Kf1 Bh3 33. Rg5+ Kf7 34. Rxg3 Qxg3 35. Bxh3 Qxh3+ 36. Kg1 Qe3+ 37. Kg2 c5 38. Rf1+ Ke6 39. a4 c4 40. Rf3 Qxe2+ 41. Kg3 c3 {[%mdl 64] Decoy} 42. Rxc3 Qe1+ {[%mdl 64] Double Attack} 43. Kf3 Qxc3+ 44. Kf4 Qh3 45. a5 bxa5 46. e5 Qd3 47. Kg5 Qg3+ 48. Kh6 Kxe5 49. Kh5 Kf6 50. Kh6 Qh4#) 0-1

[Event "12th Chennai Open 2020"]
[Site "Chennai"]
[Date "2020.01.19"]
[Round "2.2"]
[White "Martinez Alcantara, Jose Eduardo"]
[Black "Safranska, Anda"]
[Result "1-0"]
[WhiteElo "2606"]
[BlackElo "2063"]
[Annotator "TA"]
[PlyCount "63"]
[EventDate "2020.01.19"]
[EventType "swiss"]
[EventCountry "IND"]
[SourceTitle "playchess.com"]
[Source "ChessBase"]
[SourceQuality "1"]

{[%evp 14,63,40,36,33,26,36,8,33,19,33,18,11,0,8,17,14,-1,8,2,19,15,50,43,57,64,68,70,63,60,96,85,97,92,75,66,176,176,163,166,152,149,268,286,506,493,592,591,745,725,29986,29987]} 1. Nf3 Nf6 2. c4 g6 3. g3 Bg7 4. Bg2 d6 5. d4 O-O 6. O-O Nc6 7. Nc3 a6 8. Bf4 Bf5 {E63: King's Indian: Fianchetto: Panno Variation with 7...a6} 9. Rc1 Ne4 10. Nd5 Bg4 $146 {The position is equal.} ({Predecessor:} 10... e6 11. Ne3 g5 12. Nxf5 exf5 13. Be3 Qf6 14. Nd2 Rae8 15. d5 Nd4 16. Nxe4 fxe4 {0-1 (44) Malakhov,V (2709)-Lin,C (2446) Beijing 2012}) 11. h3 Bd7 12. Be3 e6 13. Nc3 Nxc3 14. Rxc3 Rb8 15. Rc1 Ne7 16. Qd2 Bc6 17. Bh6 b6 18. Bxg7 Kxg7 19. d5 Bd7 20. dxe6 fxe6 21. b4 {[%cal Bb2b4,Bb4c5][%mdl 32]} Kg8 22. c5 bxc5 23. bxc5 d5 24. Rfe1 c6 ({Black should try} 24... Nf5 $14) 25. e4 $18 Qc7 26. exd5 cxd5 27. Nd4 {Threatens to win with c6.} e5 {[#]} (27... Rf6 $16 {was called for.} 28. c6 Bc8) 28. Qg5 $1 {[%csl LRe5,LRe7]} Bf5 $2 (28... Nf5) 29. g4 h6 30. Qxh6 exd4 31. gxf5 {White threatens Rxe7! and mate.} gxf5 {[#]} 32. Rxe7 $1 {[%mdl 576] Remove Defender. Accuracy: White = 79%, Black = 33%.} 1-0

[Event "12th Chennai Open 2020"]
[Site "Chennai"]
[Date "2020.01.19"]
[Round "2.3"]
[White "Sanket Chakravarty"]
[Black "Pantsulaia, Levan"]
[Result "1-0"]
[WhiteElo "2055"]
[BlackElo "2598"]
[Annotator "TA"]
[PlyCount "103"]
[EventDate "2020.01.19"]
[EventType "swiss"]
[EventCountry "IND"]
[SourceTitle "playchess.com"]
[Source "ChessBase"]
[SourceQuality "1"]

{[%evp 12,103,28,6,8,0,11,9,10,14,6,13,9,6,16,0,8,-33,50,45,48,45,45,41,64,65,77,-18,-13,-27,-47,-43,-24,-61,-48,-54,0,-95,-64,-57,7,14,83,70,62,77,83,95,65,0,82,46,227,206,211,212,224,221,222,223,227,225,206,174,173,168,219,217,231,166,256,246,609,602,1468,599,591,0,1431,1265,1141,505,572,517,1092,0,564,561,564,540,538,496,514,510]} 1. c4 c5 2. g3 g6 3. Bg2 Bg7 4. Nc3 Nc6 5. Nf3 d6 6. O-O Nh6 7. b3 O-O {A37: Symmetrical English vs ...g6: 4 Bg2 Bg7 5 Nf3} (7... Nf5 8. Bb2 O-O 9. e3 Rb8 10. Qc1 a6 11. Nd5 e5 12. d3 b5 13. Nd2 Nfe7 14. Re1 Be6 15. Nxe7+ Nxe7 16. Ne4 f5 17. Nc3 b4 {½-½ (51) Meier,G (2654)-Khismatullin,D (2651) Berlin 2015}) 8. Bb2 f5 9. e3 e5 {The position is equal.} 10. Nd5 Rb8 $146 ({Predecessor:} 10... g5 11. Ne1 Be6 12. f4 gxf4 13. exf4 Qd7 14. a3 Rae8 {½-½ (33) Litvinov,V-Osnos,V Moscow 1963}) 11. d3 Be6 12. Nd2 $36 {[%mdl 2048] White has the initiative.} a6 13. f4 Re8 14. Nf3 exf4 ({Black should play} 14... Ng4 $15 15. h3 Bxd5 16. hxg4 Bxf3 17. Qxf3 e4) 15. Bxg7 $14 Kxg7 16. Nxf4 Bf7 17. Qd2 Qf6 18. Rae1 Re7 19. d4 ({White should try} 19. e4 $16) 19... Rbe8 $1 $11 20. Nd5 Bxd5 $1 21. cxd5 Nd8 22. dxc5 dxc5 23. Re2 Ndf7 (23... Ng4 $15) 24. Ne1 (24. b4 $1 $11 b6 25. bxc5 bxc5 26. Qc1) 24... Nd6 25. Nd3 {[#]} b6 ({Better is} 25... Rxe3 $1 $15 {[%mdl 512]} 26. Rxe3 (26. Qxe3 Rxe3) 26... Qd4) 26. Nf4 Nhf7 (26... Ne4 $11 27. Bxe4 Rxe4) 27. Ne6+ $16 Rxe6 $1 28. dxe6 Rxe6 29. e4 Qe7 {[%cal Rf5e4]} 30. Qd5 (30. Qc3+ $14 Kg8 31. Qd3) 30... Nxe4 {[#]} (30... fxe4 $11 31. Qa8 Ng5) 31. g4 $1 {[%cal Rg4f5][%mdl 512]} Re5 $2 {[#]} (31... Nc3 $14 32. Rxe6 Nxd5 33. Rxe7 Nxe7) (31... fxg4 32. Rxe4) 32. Rxe4 $1 $18 {[%mdl 576] Deflection} Rxe4 33. gxf5 gxf5 34. Bxe4 fxe4 {[%mdl 4096] Endgame KQR-KQN} 35. Rf4 Ne5 {...Qg5+ is the strong threat.} 36. Qxe4 Qd6 37. Qg2+ Ng6 38. Qb2+ Kh6 (38... Kg8 $142 39. Rf3 Nf4 40. Rg3+ Ng6) 39. Rf3 Nf4 40. Qf2 Qg6+ (40... Qd1+ {keeps fighting.} 41. Qf1 Qd4+ 42. Kh1 Qe4) 41. Kf1 Nh5 $2 (41... Qb1+ 42. Qe1 Qxe1+ 43. Kxe1 Kg5 44. Rg3+ Kf5) 42. Qe3+ Kg7 43. Qe7+ (43. Qe5+ $142 Kh6 44. Rf5) 43... Kh6 44. Qe3+ (44. Qf8+ $142 Kg5 45. Qd8+ Kh6 46. Qd2+ Qg5 47. Qd6+ Qg6 48. Rd3) 44... Kg7 $1 45. Qe5+ Kh6 46. Qf5 (46. Rf5 $142 a5 47. Kf2) 46... Qc6 47. Qf8+ Kg5 (47... Kg6 $142 48. Qf5+ Kh6) 48. Qf5+ Kh6 {[#]} 49. Rh3 $1 {White is clearly winning.} Qe8 50. Qf6+ Qg6 51. Qxg6+ ({Not} 51. Qf8+ Kg5 $18) 51... Kxg6 52. Rd3 {Accuracy: White = 57%, Black = 33%.} 1-0

[Event "12th Chennai Open 2020"]
[Site "Chennai"]
[Date "2020.01.19"]
[Round "2.4"]
[White "Aleksandrov, Aleksej"]
[Black "Chilukuri Sai Varshith"]
[Result "1-0"]
[WhiteElo "2592"]
[BlackElo "2045"]
[Annotator "TA"]
[PlyCount "48"]
[EventDate "2020.01.19"]
[EventType "swiss"]
[EventCountry "IND"]
[SourceTitle "playchess.com"]
[Source "ChessBase"]
[SourceQuality "1"]

{[%evp 9,48,14,25,37,36,31,29,15,20,11,34,18,70,54,75,30,62,50,42,54,72,73,83,73,101,102,119,114,233,231,231,226,188,219,374,373,424,400,554,558,550]} 1. Nf3 Nf6 2. e3 g6 3. b4 Bg7 4. Bb2 a5 (4... O-O 5. c4 b6 6. Be2 c5 7. a3 Bb7 8. O-O d6 9. d3 Nbd7 10. Nc3 e6 11. Qb3 Qe7 12. d4 Rab8 13. a4 d5 14. bxc5 bxc5 {½-½ (50) Nakamura,H (2754)-Topalov,V (2740) Riga 2019}) 5. b5 d5 6. c4 {A05: Réti Opening: 1 Nf3 Nf6} c6 7. cxd5 cxd5 8. Nc3 $146 {White has an edge.} ({Predecessor:} 8. Be2 O-O 9. O-O Nbd7 10. d4 Nb6 11. Nbd2 Ne8 12. a4 Nd6 13. Rc1 f6 14. Ne1 e5 15. Nd3 e4 16. Nc5 f5 {1-0 (40) McNab,C (2490)-Hennigan,M (2415) Isle of Man 1993}) 8... O-O 9. Qb3 Re8 10. Na4 Nbd7 ({Black should play} 10... Ne4 $11) 11. b6 $14 e5 12. h3 e4 13. Nd4 $1 Ne5 14. Nb5 Rb8 15. Nc7 Re7 16. Rc1 Bf5 17. Be2 Ne8 {[%cal Re8c7]} 18. Qxd5 ({Of course not} 18. Nxd5 $6 Rd7 $11) 18... Rd7 (18... Nc6 $16) 19. Qxa5 $18 Nc6 {[#]} 20. Rxc6 $1 bxc6 21. Bxg7 Kxg7 $2 (21... Nxg7 {might work better.} 22. Nc5 Rxb6 {[%mdl 64] Remove Defender} 23. Qxb6 Rxc7) 22. Na6 {Hoping for Qe5+.} Ra8 23. N4c5 Rd5 24. Qc3+ Qf6 {Accuracy: White = 91%, Black = 16%.} 1-0

[Event "12th Chennai Open 2020"]
[Site "Chennai"]
[Date "2020.01.19"]
[Round "2.5"]
[White "Hegde, Ravi Gopal"]
[Black "Goganov, Aleksey"]
[Result "0-1"]
[WhiteElo "2037"]
[BlackElo "2583"]
[Annotator "TA"]
[PlyCount "62"]
[EventDate "2020.01.19"]
[EventType "swiss"]
[EventCountry "IND"]
[SourceTitle "playchess.com"]
[Source "ChessBase"]
[SourceQuality "1"]

{[%evp 20,62,33,14,27,25,72,34,44,31,22,18,44,30,28,3,16,0,0,0,0,22,17,0,0,-27,35,20,42,8,52,29,36,16,52,0,0,3,31,-50,-37,-43,-31,-297,-56]} 1. e4 c5 2. c3 d5 3. exd5 Qxd5 4. d4 Nf6 5. Nf3 Nc6 6. Be3 e6 7. Be2 cxd4 8. cxd4 Bb4+ 9. Nc3 O-O 10. O-O Bxc3 11. bxc3 {[%cal Bb2c3,Bc3c4][%mdl 32]} b6 {B22: Sicilian: 2 c3} 12. c4 (12. Re1 Bb7 13. c4 Qd6 14. Rb1 Qc7 15. Qa4 Ng4 16. h3 Nxe3 17. fxe3 Ne7 18. Qc2 Qg3 19. Bd1 {½-½ (60) Stromboli,C (2311)-Rambaldi,F (2554) Civitanova Marche 2016}) 12... Qa5 $146 ({Predecessor:} 12... Qd6 13. h3 Bb7 14. Qa4 {½-½ (14) Velcheva,M (2233)-Radeva,V (2275) Pleven 2018}) 13. Bd2 Qa3 {White is slightly better.} 14. Bc1 Qd6 15. Bb2 Bb7 16. Qd2 Rfd8 17. Rad1 Rac8 18. Qg5 {[#] Strongly threatening d5.} h6 19. Qh4 Ne7 20. Ne5 Qb4 21. Ba1 $1 Be4 22. Qh3 Bf5 (22... Nf5 $11) 23. Qe3 Bh7 24. Rfe1 Nf5 25. Qc1 Nd7 26. Nf3 Qa4 27. d5 exd5 28. Rxd5 {[#] Hoping for Qd2.} Nf8 {...Rxd5 is the strong threat.} 29. Red1 ({White should try} 29. Rxd8 $14 Rxd8 30. Qc3) 29... Rxd5 $15 30. Rxd5 Qxa2 31. Qc3 $2 {[%mdl 8192]} (31. Rd2 $15 Qa4 32. Bb2) 31... f6 $2 {Accuracy: White = 27%, Black = 29%.} (31... Qxe2 $19 32. Rxf5 f6) 0-1

[Event "12th Chennai Open 2020"]
[Site "Chennai"]
[Date "2020.01.19"]
[Round "2.6"]
[White "Mchedlishvili, Mikheil"]
[Black "Vinoth Kumar, M.."]
[Result "1-0"]
[WhiteElo "2578"]
[BlackElo "2012"]
[Annotator "TA"]
[PlyCount "99"]
[EventDate "2020.01.19"]
[EventType "swiss"]
[EventCountry "IND"]
[SourceTitle "playchess.com"]
[Source "ChessBase"]
[SourceQuality "1"]

{[%evp 13,99,68,74,82,111,83,101,92,78,0,8,10,125,109,112,114,134,118,108,130,214,207,204,214,225,182,187,136,145,128,122,127,166,144,175,164,177,170,183,169,186,156,164,148,140,147,265,90,137,79,72,80,78,61,296,295,260,293,383,396,393,375,293,283,280,269,1154,1131,4678,4678,4678,4614,4133,4133,2205,2261,1654,1580,1272,716,1270,1231,1679,1592,1423,1425,823,685]} 1. d4 d6 2. Nf3 g6 3. c4 Nd7 4. g3 Bg7 5. Bg2 e5 6. Nc3 Nh6 7. dxe5 dxe5 8. h4 {A41: 1 d4 d6: Tartakower System and Modern Defence} f6 9. Qc2 $146 ({Predecessor:} 9. Ne4 Qe7 10. a3 Nc5 11. Nxc5 Qxc5 12. Qd5 Qe7 13. Be3 Nf5 14. Bc5 c6 15. Bxe7 cxd5 16. Bb4 dxc4 17. Rc1 a5 18. Bc5 Be6 19. g4 Ne7 {½-½ (19) Batinic,P (2309)-Stojanovic,D (2485) Jahorina 2012}) 9... Nf7 10. Be3 {White is better.} c6 11. Rd1 (11. O-O-O $16) 11... Qe7 $11 12. h5 g5 (12... f5 $1 $11 {remains equal.}) 13. Ne4 $16 h6 {With the idea ...f5.} 14. Bh3 $36 {[%mdl 2048] White is in control.} O-O 15. Bxd7 Bxd7 16. Bc5 {[%mdl 64] [#] Skewer} Qe6 (16... Qe8 $16 {was worth a try.} 17. Bxf8 Kxf8) 17. Bxf8 $18 Rxf8 18. Nc5 Qf5 19. Qxf5 Bxf5 20. e4 ({Don't play} 20. Nxb7 $6 Rb8 $16) ({Better is} 20. Rg1 $18) 20... Bg4 $16 {[#]} 21. Rd3 $1 b6 22. Nb3 Re8 23. Nfd2 Bf8 24. c5 bxc5 25. Nc4 Be6 26. Nbd2 g4 27. b3 Ng5 28. O-O Bf7 29. Rd7 Bxh5 (29... Ra8 $16 30. Ne3 Bxh5) 30. Nd6 $2 (30. Rxa7 $18 {and the rest is easy.} Rb8 31. Ra6) 30... Ra8 31. N2c4 (31. Rc1 $142) 31... Bg6 32. Rd1 a5 33. Nf5 Bxf5 $2 ({Black should play} 33... Nxe4 $14 34. Ne7+ Bxe7 35. Rxe7 Be8) 34. exf5 $18 Nf3+ 35. Kg2 Nd4 36. Ne3 a4 37. Nxg4 Bg7 38. Rh1 axb3 39. axb3 Ra2 $2 (39... Nxf5 40. Rh5 Nd4 41. Nxh6+ Bxh6) 40. Nxh6+ {White is clearly winning.} Bxh6 41. Rxh6 {[%mdl 4096] Endgame KRR-KRN} e4 42. Rd8+ Kg7 43. Rg6+ Kf7 44. Rd7+ Kf8 45. Rxf6+ Ke8 46. Rdd6 e3 47. Rfe6+ Nxe6 48. Rxe6+ {[%mdl 64] Double Attack} Kf7 49. Rxe3 Ra3 50. g4 {Accuracy: White = 61%, Black = 40%.} 1-0

[Event "12th Chennai Open 2020"]
[Site "Chennai"]
[Date "2020.01.19"]
[Round "2.7"]
[White "Sa, Kannan"]
[Black "Rozum, Ivan"]
[Result "0-1"]
[WhiteElo "2022"]
[BlackElo "2573"]
[Annotator "TA"]
[PlyCount "74"]
[EventDate "2020.01.19"]
[EventType "swiss"]
[EventCountry "IND"]
[SourceTitle "playchess.com"]
[Source "ChessBase"]
[SourceQuality "1"]

{[%evp 9,74,0,-2,0,18,22,30,29,44,17,56,25,31,-25,-13,0,-4,-12,-4,-22,-36,-28,57,24,26,0,0,0,0,-26,0,-51,-8,-58,31,39,43,37,51,28,68,46,51,-70,-73,-87,-88,-97,-95,-200,-188,-205,-184,-198,-190,-268,-268,-307,-298,-299,-281,-288,-283,-805,-806,-835,-806]} 1. d4 Nf6 2. Nh3 d6 3. g3 ({Predecessor:} 3. Na3 g6 4. c3 Bg7 5. e3 Nc6 6. e4 Nxe4 7. Be2 O-O 8. O-O Bxh3 9. gxh3 e6 {0-1 (28) Nielsen,F-Pesonen,H Finland 2000}) 3... g6 4. f3 Bg7 5. Nf2 O-O 6. e4 {A70: Modern Benoni: 6 e4 g6 7 Nf3.} Nbd7 7. Be2 e5 8. d5 {White has an edge.} Ne8 9. h4 f5 10. h5 f4 11. g4 (11. gxf4 $14 exf4 12. hxg6) 11... gxh5 $1 $11 12. Rxh5 Bf6 13. Rh2 Bh4 14. Kd2 Bg3 $36 {[%mdl 2048] White is under pressure.} 15. Rg2 Ng7 (15... c6 $11 16. Nc3 Rf7) 16. Qg1 h5 17. Rxg3 (17. gxh5 {with more complications.} Nf6 18. b3 Ngxh5 19. Kc3 Bd7 20. a4) 17... fxg3 18. Qxg3 hxg4 19. Nxg4 Nf6 20. Nxf6+ (20. Nh6+ $11 Kh7 21. Kd1) 20... Qxf6 $15 21. Kc3 c6 (21... Kf7 $15) 22. Na3 $14 cxd5 {White must now prevent ...d4+.} 23. Bg5 $1 {[%cal Rg5f6]} Qg6 24. Rg1 $1 Be6 25. Qh2 {Bh6 is the strong threat.} Qh7 ({But not} 25... dxe4 $2 26. Bh6 $18) 26. Qxh7+ (26. Bh6 $1 $14 Rac8+ 27. Kd2) 26... Kxh7 $15 27. exd5 Bxd5 28. Bd3+ Kh8 29. Nb5 (29. Be7 $17 {might work better.}) 29... Rxf3 $19 30. Kd2 {[#] Black should prevent Nc7.} Ne8 $1 ({And not} 30... Bxa2 31. Nxd6 Ne6 32. Be7 $11) 31. Nc3 Bc6 32. Rh1+ (32. Ke2 $142) 32... Kg8 33. Bc4+ Kg7 {Threatens to win with ...Rxc3!} 34. Bh6+ {[#]} Kg6 $1 {Strongly threatening ...Rf2+.} 35. Nd5 Rg3 36. Rh2 $2 (36. Be3) 36... Bxd5 37. Bxd5 Nf6 {Accuracy: White = 52%, Black = 85%.} 0-1

[Event "12th Chennai Open 2020"]
[Site "Chennai"]
[Date "2020.01.19"]
[Round "2.8"]
[White "Bogdanovich, Stanislav"]
[Black "Abinandhan R"]
[Result "1-0"]
[WhiteElo "2562"]
[BlackElo "1987"]
[Annotator "TA"]
[PlyCount "77"]
[EventDate "2020.01.19"]
[EventType "swiss"]
[EventCountry "IND"]
[SourceTitle "playchess.com"]
[Source "ChessBase"]
[SourceQuality "1"]

{[%evp 21,77,18,29,40,36,38,21,32,75,71,66,65,75,76,75,86,175,190,190,181,187,166,198,130,191,128,156,148,147,135,129,138,271,275,245,260,251,228,351,342,302,298,517,510,684,672,620,541,789,771,1171,2469,1481,1611,29989,29990,29993,29991]} 1. d4 Nf6 2. c4 e6 3. Nc3 d5 4. Bg5 Be7 5. cxd5 exd5 6. e3 c6 7. Bd3 Nbd7 {[%cal Bb8d7,Bd7f8,Bf8e6][%mdl 32]} 8. Qc2 Nf8 9. Nf3 Ne6 10. Bh4 g6 11. h3 Ng7 12. g4 {D36: Queen's Gambit Declined: Exchange Variation: Main line (5 Bg5 c6 6 Qc2)} (12. O-O-O Bf5 13. g4 Bxd3 14. Qxd3 O-O 15. Bxf6 Bxf6 16. h4 Ne6 17. Kb1 Rc8 18. g5 Bg7 19. Ne5 Nc5 {1-0 (39) Lupulescu,C (2634)-Grachev,B (2687) Legnica 2013}) 12... Be6 13. O-O-O Nd7 14. Bg3 {The position is equal.} h5 15. Ne5 Nxe5 16. Bxe5 Bf6 $1 17. f4 Bxe5 ({Wrong is} 17... hxg4 $2 18. hxg4 Rf8 19. f5 $18) 18. dxe5 Qd7 ({But not} 18... hxg4 $2 19. hxg4 Rg8 20. f5 $18) (18... Bd7 $16) 19. e4 $1 $18 d4 $146 ({Predecessor:} 19... dxe4) 20. Na4 Qc7 21. f5 Bxa2 22. b4 ({White should try} 22. b3 $1 $18) 22... a5 (22... Be6 $16) 23. b5 (23. Qxa2 $18 axb4 24. Qb3) 23... Bb3 24. Qxb3 {Black must now prevent bxc6.} cxb5+ 25. Kb2 bxa4 {[#]} 26. Qb5+ $1 Qc6 (26... Kf8 $16 {was worth a try.}) 27. Rc1 Qxb5+ 28. Bxb5+ Kf8 {[#]} 29. Rc7 $1 {Hoping for Bc4.} gxf5 (29... hxg4 {is a better defense.} 30. fxg6 Rxh3 31. Rxf7+ Kg8) 30. gxf5 Ne8 31. Rxb7 Rc8 $2 (31... a3+ 32. Kxa3 Rc8) 32. Bxa4 Rg8 33. Rc1 Rg2+ 34. Kb1 Rd8 35. Bb3 Rg7 36. f6 Rh7 37. e6 Ra8 38. e5 h4 39. exf7 {Played: Rc1-g1} 1-0